Construir Europa desde España: Los nuevos desafíos de la política europea /

Este informe tiene como objetivo ofrecer un marco analítico y empírico para la reflexión de los temas principales de la política exterior de España, examina en primer lugar, la trayectoria seguida por España dentro de la Unión en los casi vente años transcurridos desde su adhesión en 1986 a la enton...

Celý popis

Uloženo v:
Podrobná bibliografie
Hlavní autor: Powell, Charles
Další autoři: coord. Torreblanca, José Ignacio coord. Sorroza, Alicia coord
Médium: Text
Jazyk:Spanish
Vydáno: Real Instituto Elcano de Estudios Internacionales y Estratégicos: Real Instituto Elcano, 2005
Témata:
Tagy: Přidat tag
Žádné tagy, Buďte první, kdo vytvoří štítek k tomuto záznamu!

MARC

LEADER 00000 a a2200000 04500
001 34375
003 cru CIDCACS/IIS
005 20230613140108.0
008 230313b2005 ||||| |||| 00| 0 spa d
020 |a 1698-885X  
040 |a CRAI/IIS  |c CRAI/IIS  |b spa 
090 |a 01.02.01 C758c  
100 |a Powell, Charles  
245 |a Construir Europa desde España:   |b Los nuevos desafíos de la política europea /  |c Charles Powell 
260 |a Real Instituto Elcano de Estudios Internacionales y Estratégicos:  |b Real Instituto Elcano,  |c 2005 
300 |a 129 p.  
520 |a Este informe tiene como objetivo ofrecer un marco analítico y empírico para la reflexión de los temas principales de la política exterior de España, examina en primer lugar, la trayectoria seguida por España dentro de la Unión en los casi vente años transcurridos desde su adhesión en 1986 a la entonces Comunidad Europea. Seguidamente se analizan los desafíos a los que se enfrenta la política europea de España en el ámbito político, institucional, económico, financiero, de política exterior y de defensa, así como en lo referido al espacio de libertad, seguridad y justicia  
650 |a POLITICA  
650 |a ECONOMIA  
650 |a REFORMA POLITICA  
650 |a IDENTIDAD CULTURAL  
650 |a INDEPENDENCIA  
650 |a SEGURIDAD  
650 |a ESPAÑA  
700 |a coord.   |a Torreblanca, José Ignacio   |a coord.   |a Sorroza, Alicia   |a coord.  
942 |2 ddc  |c LI 
999 |c 4132  |d 4132